Minneapolis-Saint Paul Int. Destinations (Minneapolis, MN, USA) - Map - Statistics

General Stats
  • This quiz has been taken 38 times
  • The average score is 107 of 167
Answers on the Map
Answers color-coded by a green-red scale on the quiz's map according to % correct below.
 
Answer Stats
Desination % Correct
Amsterdam
93%
Dublin
93%
Frankfurt
93%
London (Heathrow)
93%
Rome (Fiumicino)
93%
Copenhagen
89%
Honolulu
89%
Montréal (Trudeau)
89%
Paris (Charles de Gaulle)
89%
Reykjavík
89%
Seoul (Incheon)
89%
Tokyo (Haneda)
89%
Toronto (Pearson)
89%
Anchorage
86%
Atlanta
86%
Austin
86%
Boston
86%
Chicago (Midway)
86%
Chicago (O'Hare)
86%
Dallas/Fort Worth
86%
Dallas (Love)
86%
Denver
86%
Houston (Hobby)
86%
Houston (Intercontinental)
86%
Jacksonville (FL)
86%
Kansas City
86%
Las Vegas
86%
Melbourne/Orlando
86%
Nashville
86%
New York (JFK)
86%
New York (LaGuardia)
86%
Orlando
86%
Phoenix/Mesa
86%
Phoenix (Sky Harbor)
86%
Portland (ME)
86%
Portland (OR)
86%
San Francisco
86%
San Jose (CA)
86%
Seattle/Tacoma
86%
Buffalo
82%
Cancún
82%
Cleveland
82%
Edmonton
82%
Indianapolis
82%
Los Angeles
82%
Memphis
82%
Mexico City
82%
Miami
82%
Nassau
82%
New Orleans
82%
Oklahoma City
82%
Philadelphia
82%
Rochester (MN)
82%
Sacramento
82%
Salt Lake City
82%
San Antonio
82%
Vancouver
82%
Washington (Dulles)
82%
Washington (National)
82%
Albuquerque
79%
Calgary
79%
Charlotte
79%
Columbus (Glenn)
79%
Des Moines
79%
Milwaukee
79%
Newark
79%
San Diego
79%
St. Louis
79%
Tampa
79%
Tucson
79%
Baltimore
75%
Billings
75%
Boise
75%
Detroit
75%
Fargo
75%
Madison
75%
Pittsburgh
75%
Tulsa
75%
Cincinnati
71%
Colorado Springs
71%
Duluth
71%
Fort Lauderdale
71%
Hartford
71%
Reno/Tahoe
71%
San Juan
71%
Savannah
71%
Spokane
71%
Fort Myers
68%
Myrtle Beach
68%
Providence
68%
Sioux Falls
68%
Wichita
68%
Winnipeg
68%
Belize City
64%
Charleston (SC)
64%
Grand Rapids
64%
Green Bay
64%
Louisville
64%
Norfolk
64%
Raleigh/Durham
64%
Regina
64%
Richmond
64%
Saskatoon
64%
Syracuse
64%
Aruba
61%
Bismarck
61%
Burlington (VT)
61%
Cedar Rapids/Iowa City
61%
Montego Bay
61%
Omaha
61%
St. Petersburg/Clearwater
61%
Gulfport/Biloxi
57%
Knoxville
57%
Manchester (NH)
57%
Punta Cana
57%
Rapid City
57%
Sarasota
57%
Bozeman
54%
San José del Cabo
54%
South Bend
54%
Appleton
50%
Fort Wayne
50%
Missoula
50%
West Palm Beach
50%
Asheville
46%
Destin/Fort Walton Beach
46%
Fayetteville/Bentonville
46%
Grand Forks
46%
Minot
46%
Orange County
46%
Puerto Vallarta
46%
Cozumel
43%
Eagle/Vail
43%
Grand Cayman
43%
Sault Ste. Marie (MI)
43%
Traverse City
43%
Aberdeen (SD)
36%
Bemidji
36%
Glacier Park/Kalispell
36%
Hayden/Steamboat Springs
36%
Jackson Hole
36%
Liberia (CR)
36%
Marquette
36%
Wilmington (NC)
36%
International Falls
29%
Mazatlán
29%
Hibbing/Chisholm
25%
Mosinee/Wausau
25%
St. Thomas
25%
Brainerd
21%
Branson
21%
Providenciales
21%
Rhinelander
21%
St. Maarten
21%
Thief River Falls
21%
Tri-Cities (WA)
21%
Williston
21%
Punta Gorda (FL)
18%
Roatán
18%
White Plains
18%
Escanaba
14%
Harlingen
14%
Iron Mountain
14%
Ixtapa/Zihuatanejo
14%
Watertown (SD)
14%
Ironwood
11%
Palm Springs
11%
No matching quizzes found
Score Distribution
Percent of People with Each Score
Percentile by Number Answered
Your Score History
You have not taken this quiz